| 000 | 00795cam a2200253 i 4500 | ||
|---|---|---|---|
| 001 | 18942736 | ||
| 005 | 20211118152845.0 | ||
| 008 | 160120s2016 miu 000 0 eng | ||
| 010 | _a 2016002811 | ||
| 020 | _a9780310531388 | ||
| 100 | 1 |
_aQureshi, Nabeel, _eauthor. |
|
| 245 | 1 | 0 |
_aAnswering Jihad : _ba better way forward / _cNabeel Qureshi. |
| 260 |
_aGrand Rapids, Michigan : _bZondervan, _cc2016. |
||
| 300 |
_a173 p. ; _c21 cm |
||
| 336 | _atext | ||
| 337 | _aunmediated | ||
| 338 | _avolume | ||
| 650 | 0 | _aJihad. | |
| 650 | 0 |
_aIslam _xReligious aspects _xChristianity. |
|
| 650 | 0 |
_aChristianity and other religions _xIslam. |
|
| 650 | 0 | _aMissions to Muslims. | |
| 856 | _uhttps://drive.google.com/file/d/1OpPWrVfacpMrXGPM5dZcIpwv1899baNU/view?usp=sharing | ||
| 942 |
_2lcc _cBK |
||
| 999 |
_c43757 _d43757 |
||